Top 15 Countries with Covid-19 Deaths - 20 December - Statistics

General Stats
  • This quiz has been taken 22 times
  • The average score is 15 of 22
Answer Stats
country % Correct
France
100%
United Kingdom
100%
India
95%
Italy
95%
Russia
95%
United States
95%
Germany
91%
Spain
91%
Brazil
86%
Mexico
82%
Poland
77%
Argentina
68%
Iran
68%
Peru
64%
Belgium
55%
Colombia
55%
Czechia
41%
Bulgaria
27%
Slovenia
27%
Armenia
23%
Bosnia and Herzegovina
23%
North Macedonia
23%
No matching quizzes found
Score Distribution
Percent of People with Each Score
Percentile by Number Answered
Your Score History
You have not taken this quiz